| 000 | 00708nam a2200241Ia 4500 | ||
|---|---|---|---|
| 003 | OSt | ||
| 005 | 20220926034841.0 | ||
| 006 | a|||||r|||| 00| 0 | ||
| 007 | ta | ||
| 008 | 220923b |||||||| |||| 00| 0 eng d | ||
| 037 | _cGeneral Book | ||
| 040 |
_aRTL _cRTL _beng |
||
| 041 |
_2eng _aeng |
||
| 082 | _aY73(Q7):1, L0/Q7 | ||
| 100 |
_aVon Grunebaum G E Ed. _949105 |
||
| 245 | 0 | _aLogic in classical Islamic culture | |
| 260 |
_aWiesbaden _bOtt Harrassowitz _c1970 |
||
| 300 |
_a142p _ccm. |
||
| 490 | _aGiorgio Levi Della Vida Biennial Conference.I | ||
| 650 |
_aMuslims _926356 |
||
| 942 |
_hY73(Q7):1, L0/Q7 _cGB _2CC |
||
| 999 |
_c660565 _d660565 |
||